Catálogo público

Diseños experimentales, métodos y elementos de teoria / (Record no. 171708)

MARC details
000 -CABECERA
campo de control de longitud fija 00726nam a2200265Ia 4500
001 - NÚMERO DE CONTROL
campo de control dia_1161
003 - IDENTIFICADOR DEL NÚMERO DE CONTROL
campo de control CHAP
005 - FECHA Y HORA DE LA ÚLTIMA TRANSACCIÓN
campo de control 20221209172501.0
007 - CAMPO FIJO DE DESCRIPCIÓN FÍSICA--INFORMACIÓN GENERAL
campo de control de longitud fija ta
008 - DATOS DE LONGITUD FIJA--INFORMACIÓN GENERAL
campo de control de longitud fija 220117s1988 xx 000 0 und d
010 ## - NÚMERO DE CONTROL DE LA BIBLIOTECA DEL CONGRESO
Número de control de LC 171708
020 ## - NÚMERO INTERNACIONAL ESTÁNDAR DEL LIBRO
Número Internacional Estándar del Libro 968-24-2155-1
040 ## - FUENTE DE LA CATALOGACIÓN
Centro/agencia transcriptor CHAP
Centro catalogador/agencia de origen mxchpua
082 ## - NÚMERO DE LA CLASIFICACIÓN DECIMAL DEWEY
Número de clasificación 507.2 M3
100 1# - ENTRADA PRINCIPAL--NOMBRE DE PERSONA
Nombre de persona Martínez Garza, Angel
9 (RLIN) 72079
245 10 - MENCIÓN DE TÍTULO
Título Diseños experimentales, métodos y elementos de teoria /
Mención de responsabilidad, etc. Angel Martínez Garza
260 ## - PUBLICACIÓN, DISTRIBUCIÓN, ETC.
Lugar de publicación, distribución, etc. México :
Nombre del editor, distribuidor, etc. Trillas,
Fecha de publicación, distribución, etc. 1988
300 ## - DESCRIPCIÓN FÍSICA
Extensión 756 páginas
503 ## - NOTA DE HISTORIA BIBLIOGRÁFICA (BK CF MU) [OBSOLETO]
Nota de historia bibliográfica C/e
650 17 - PUNTO DE ACCESO ADICIONAL DE MATERIA--TÉRMINO DE MATERIA
Término de materia o nombre geográfico como elemento de entrada Diseños experimentales
9 (RLIN) 32735
901 ## - ELEMENTOS DE DATOS A LOCAL LDA (RLIN)
a 507.2 M3
902 ## - ELEMENTOS DE DATOS B LOCAL, LDB (RLIN)
a M
905 ## - ELEMENTOS DE DATOS E LOCAL, LDE (RLIN)
a 0000001988 MX X 0000000000SPA00
942 ## - ELEMENTOS DE PUNTO DE ACCESO ADICIONAL (KOHA)
Tipo de ítem Koha Libro
Fuente del sistema de clasificación o colocación Dewey Decimal Classification
Holdings
Estado de retiro Estado de pérdida Fuente del sistema de clasificación o colocación Estado dañado Restricciones de uso No para préstamo Código de colección Localización permanente Ubicación/localización actual Fecha de adquisición Fuente de adquisición Coste, precio normal de compra Número de inventario Total de préstamos Renovaciones totales Signatura topográfica completa Código de barras Fecha visto por última vez Fecha del último préstamo Número de copia Tipo de ítem Koha
    Dewey Decimal Classification   Préstamo 5 días   General Ingenieria Agroindustrial Ingenieria Agroindustrial 18/01/2022 Compra Librería Gaona F. 1693 / R. (18/04/1989) 34920.00 C/e 5 5 507.2 M3 dia_2976 11/12/2024 05/12/2024 5 Libro
    Dewey Decimal Classification   Préstamo interno   General Ingenieria Agroindustrial Ingenieria Agroindustrial 18/01/2022 Compra Librería Gaona F. 1693 / R. (18/04/1989) 34920.00 C/e 1   507.2 M3 dia_2972 11/11/2022 11/11/2022 1 Libro
    Dewey Decimal Classification   Préstamo 5 días   General Ingenieria Agroindustrial Ingenieria Agroindustrial 18/01/2022 Compra Librería Gaona F. 1693 / R. (18/04/1989) 34920.00 C/e 5 9 507.2 M3 dia_2973 13/12/2024 21/11/2024 2 Libro
    Dewey Decimal Classification   Préstamo 5 días   General Ingenieria Agroindustrial Ingenieria Agroindustrial 18/01/2022 Compra Librería Gaona F. 1693 / R. (18/04/1989) 34920.00 C/e 2 3 507.2 M3 dia_2974 13/12/2024 04/10/2024 3 Libro
    Dewey Decimal Classification   Préstamo 5 días   General Ingenieria Agroindustrial Ingenieria Agroindustrial 18/01/2022 Compra Librería Gaona F. 1693 / R. (18/04/1989) 34920.00 C/e 5 5 507.2 M3 dia_2975 13/12/2024 21/11/2024 4 Libro